000 00348nam a2200145Ia 4500
008 230917s9999||||xx |||||||||||||| ||und||
040 _e28778
_aMAIN
041 _aEnglish
082 _a380.1 T675T
100 _aNayyar, Deepak, ed
245 0 _aTrade and industrialization
260 _aDelhi
_bOxford
_c1997
300 _axv,326 p.
942 _cBK
999 _c91734
_d91734